[Event "Hessen-chB"]
[Site "Frankfurt"]
[Date "2018.05.12"]
[Round "5"]
[White "Ahrends, Norbert"]
[Black "Baitinger, Viktor"]
[Result "1-0"]
[WhiteElo "1999"]
[BlackElo "1646"]
[PlyCount "65"]
[EventDate "2018.05.10"]
[EventType "swiss"]
[EventRounds "7"]
[EventCountry "GER"]
[SourceTitle "EXT 2019"]
[Source "ChessBase"]
[SourceDate "2018.10.10"]
[SourceVersion "1"]
[SourceVersionDate "2018.10.10"]
[SourceQuality "1"]

1. d4 e6 2. c4 Nf6 3. Nc3 d5 4. Nf3 c5 5. e3 cxd4 6. Nxd4 Bb4 7. Bd2 Bd7 8. Be2 dxc4 9. Bxc4 a6 10. 0-0 0-0 11. a3 Ba5 12. Be2 Bc7 13. Qb3 e5 14. Nf3 Bc6 15. Rfd1 Nbd7 16. Rac1 Qe7 17. e4 Nc5 18. Qc2 Ncxe4 19. Nxe4 Nxe4 20. Bb4 Bd6 21. Bxd6 Nxd6 22. Qc5 Bxf3 23. Bxf3 Rac8 24. Qb4 Rxc1 25. Rxc1 Rc8 26. Rxc8+ Nxc8 27. Qxb7 Qc5 28. g3 a5 29. Bc6 Qf8 30. Qc7 Ne7 31. Bf3 g6 32. Qxa5 Qb8 33. Qa8 1-0